000 01046nam a22002777a 4500
001 0014440
003 KOHA_MİRAKIL
005 20260207001955.0
007 ta
008 100303b1978 tu |||gr||||#||||0|tur |
040 _aTR-BiSEU
_btur
_cTR-BiSEU
_erda
041 0 _atur
044 _ctu
050 _aHF5549
_b.A48 1978
100 1 _aAltan, Ömer Zühtü.
245 1 _aKamu yönetiminde çalışan personelin nitelik ve nicelikleri :
_bÇocuk sayısı, yaş, statü ve işyeri/
_cÖmer Zühtü Altan ; Ö. Zühtü Altan, E. Ataç ve İ. Kara.
264 1 _aEskişehir :
_bEskişehir İktisadi ve Ticari İlimler Akademisi
_c1978
300 _a62 sayfa; 20 cm.
336 _ametin
_btxt
_2rdacontent
337 _aaracısız
_bn
_2rdamedia
338 _acilt
_bnc
_2rdacarrier
490 1 _aEskişehir İktisadi ve Ticari İlimler Akademisi yayınları ;
_vno ;
_v200/129.
650 0 _aKamu yönetimi.
_94578
830 1 _aEskişehir İktisadi ve Ticari İlimler Akademisi yayınları ;
_vno ;
_v200/129.
_918521
942 _2lcc
_cBK
999 _c14403
_d14403